Nấu ăn gia đình Miền Trung

Nội dung sách giới thiệu các món ăn miền trung và cách chế biến món ăn và một số mẹo vặt trong gia đình.

Αποθηκεύτηκε σε:
Λεπτομέρειες βιβλιογραφικής εγγραφής
Κύριος συγγραφέας: Đỗ, Kim Trung
Μορφή: Βιβλίο
Γλώσσα:Undetermined
Έκδοση: Hà Nội Phụ nữ 2008
Θέματα:
Ετικέτες: Προσθήκη ετικέτας
Δεν υπάρχουν, Καταχωρήστε ετικέτα πρώτοι!
Thư viện lưu trữ: Trung tâm Học liệu Trường Đại học Cần Thơ
LEADER 00728nam a2200205Ia 4500
001 CTU_132604
008 210402s9999 xx 000 0 und d
020 |c 28000 
082 |a 641.59597 
082 |b Tr513 
100 |a Đỗ, Kim Trung 
245 0 |a Nấu ăn gia đình Miền Trung 
245 0 |c Đỗ Kim Trung 
260 |a Hà Nội 
260 |b Phụ nữ 
260 |c 2008 
520 |a Nội dung sách giới thiệu các món ăn miền trung và cách chế biến món ăn và một số mẹo vặt trong gia đình. 
650 |a Cookery, vietnamese,Nấu ăn, việt nam 
904 |i Tuyến 
980 |a Trung tâm Học liệu Trường Đại học Cần Thơ